Largest settlements in Norfolk, UK - Statistics

General Stats
  • This quiz has been taken 87 times
  • The average score is 6 of 11
Answer Stats
Placename % Correct
Norwich
99%
Great Yarmouth
89%
Kings Lynn
89%
Thetford
76%
Dereham
68%
Wymondham
59%
Attleborough
49%
North Walsham
44%
Downham Market
37%
Taverham
18%
Gorleston on Sea
13%
No matching quizzes found
Score Distribution
Percent of People with Each Score
Percentile by Number Answered
Your Score History
You have not taken this quiz